000
00447nam a2200145Ia 4500
008
100122s9999 xx 000 0 und d
082
_b
22780
_a
822
100
_a
कालेलकर मधुसूदन
245
_a
तो राजहंस अेक
260
_b
कमलिनी फडके
_c
1975
300
_a
92
630
_a
तो राजहंस अेक
730
_a
तो राजहंस अेक
942
_c
BOOK
999
_c
410489
_d
410486